000 00293nam a22001337a 4500
008 170803b xxu||||| |||| 00| 0 eng d
020 _a9780072866094
041 _aeng
080 _a004
100 _a32
101 _aSHKI
245 _aPROGRAMMING LANGUAGES
_cTUCKER, A.B
942 _2udc
_cBK
999 _c22636
_d22636